Economic challenges facing Pakistan in the regional and global environment 2017-2019 (Record no. 534947)
[ view plain ]
| 000 -LEADER | |
|---|---|
| fixed length control field | 00460nam a22001337a 4500 |
| 020 ## - INTERNATIONAL STANDARD BOOK NUMBER | |
| International Standard Book Number | 9789697502073 |
| 082 ## - DEWEY DECIMAL CLASSIFICATION NUMBER | |
| Classification number | 330.5491 |
| 100 ## - MAIN ENTRY--PERSONAL NAME | |
| Personal name | Azam Chaudhry |
| 245 ## - TITLE STATEMENT | |
| Title | Economic challenges facing Pakistan in the regional and global environment 2017-2019 |
| Statement of responsibility, etc. | Azam Chaudhry and Theresa Thompson Chaudhry (Editors) |
| 260 ## - PUBLICATION, DISTRIBUTION, ETC. | |
| Place of publication, distribution, etc. | Lahore |
| Name of publisher, distributor, etc. | Lahore School of Economics |
| Date of publication, distribution, etc. | 2019 |
| 300 ## - PHYSICAL DESCRIPTION | |
| Extent | 378p |
| 942 ## - ADDED ENTRY ELEMENTS (KOHA) | |
| Source of classification or shelving scheme | |
| Koha item type | Book |
| Withdrawn status | Lost status | Source of classification or shelving scheme | Damaged status | Not for loan | Permanent Location | Current Location | Shelving location | Date acquired | Source of acquisition | Total Checkouts | Full call number | Barcode | Date last seen | Price effective from | Koha item type |
|---|---|---|---|---|---|---|---|---|---|---|---|---|---|---|---|
| Central Library (CL) | Central Library (CL) | General Stacks | 08/24/2020 | Donation | 330.5491 ECO | CL-D-963 | 09/08/2020 | 08/24/2020 | Book | ||||||
| Central Library (CL) | Central Library (CL) | General Stacks | 08/24/2020 | Donation | 330.5491 ECO | CL-D-962 | 09/08/2020 | 08/24/2020 | Reference |
